[Event "81st Ukrainian Chess Championship"]
[Site "Kiev"]
[Date "2012.07.28"]
[Round "2"]
[White "Moiseenko, Alexander"]
[Black "Ponomariov, Ruslan"]
[Result "0-1"]
[WhiteElo "2706"]
[BlackElo "2726"]
[PlyCount "62"]
[EventDate "2012.??.??"]
[EventCountry "UKR"]

1. d4 d5 2. c4 e6 3. Nf3 Nf6 4. Nc3 Be7 5. Bg5 h6 6. Bh4 O-O 7. e3 b6 8. Bd3
Bb7 9. O-O Nbd7 10. Bg3 Ne4 11. Bxe4 dxe4 12. Nd2 f5 13. Nb5 e5 14. dxe5 Nc5
15. Nb3 Nd3 16. N3d4 Qc8 17. Qb3 Bc5 18. Ne2 g5 19. e6 f4 20. exf4 a6 21. Nbc3
gxf4 22. Nxf4 Nxf4 23. Bxf4 Rxf4 24. Nd5 Rf5 25. Qh3 Qxe6 26. Nxc7 Qg6 27. Nxa8
Bxa8 28. Rad1 Rf8 29. Rd7 e3 30. Kh1 e2 31. Rg1 Bxf2 0-1

[Event "81st Ukrainian Chess Championship"]
[Site "Kiev"]
[Date "2012.07.28"]
[Round "2"]
[White "Volokitin, Andrei"]
[Black "Zubov, Alexander"]
[Result "1/2-1/2"]
[WhiteElo "2704"]
[BlackElo "2621"]
[PlyCount "29"]
[EventDate "2012.??.??"]
[EventCountry "UKR"]

1. e4 e5 2. Nf3 Nf6 3. Nxe5 d6 4. Nf3 Nxe4 5. Nc3 Nxc3 6. dxc3 Be7 7. Be3 Nc6
8. Qd2 Be6 9. O-O-O Bf6 10. h3 Qd7 11. g4 h6 12. Bg2 O-O-O 13. Ne1 Ne5 14. b3
Qb5 15. Nd3 1/2-1/2

[Event "Politiken Cup 2012"]
[Site "Helsingör"]
[Date "2012.07.28"]
[Round "1"]
[White "Malakhov, Vladimir"]
[Black "Rydell, Marten"]
[Result "1-0"]
[WhiteElo "2712"]
[BlackElo "1962"]
[PlyCount "77"]
[EventDate "2012.??.??"]
[EventCountry "DEN"]

1. c4 Nf6 2. Nc3 c5 3. Nf3 e6 4. g3 b6 5. Bg2 Bb7 6. O-O Be7 7. d4 cxd4 8. Qxd4
d6 9. Bg5 a6 10. Bxf6 Bxf6 11. Qf4 O-O 12. Rfd1 Be7 13. Ne4 Bxe4 14. Qxe4 Ra7
15. Nd4 Rc7 16. b3 Rc5 17. a4 Bf6 18. e3 Qc7 19. Qg4 Re8 20. Ra2 Nd7 21. Rad2
Ne5 22. Qe2 Be7 23. f4 Nd7 24. Qf3 Bf8 25. h3 g6 26. Bf1 Qc8 27. Bg2 Rc7 28. e4
e5 29. Nc2 b5 30. axb5 axb5 31. Na3 b4 32. Nb5 Rb7 33. Nxd6 Bxd6 34. Rxd6 exf4
35. gxf4 Nc5 36. e5 Rc7 37. Qe3 Qf5 38. Bc6 Rec8 39. Qxc5 1-0

[Event "Politiken Cup 2012"]
[Site "Helsingör"]
[Date "2012.07.29"]
[Round "2"]
[White "Hoyer, Jacob"]
[Black "Malakhov, Vladimir"]
[Result "0-1"]
[WhiteElo "2141"]
[BlackElo "2712"]
[PlyCount "74"]
[EventDate "2012.??.??"]
[EventCountry "DEN"]

1. d4 Nf6 2. c4 e6 3. Nf3 c5 4. d5 exd5 5. cxd5 d6 6. Nc3 a6 7. a4 g6 8. e4 Bg4
9. Be2 Bg7 10. O-O O-O 11. h3 Bxf3 12. Bxf3 Nbd7 13. g4 Ne8 14. Bg2 Rb8 15. a5
Nc7 16. Bf4 Ne5 17. Qe2 g5 18. Bc1 Ng6 19. f4 Nxf4 20. Bxf4 gxf4 21. Rxf4 Qe8
22. g5 f6 23. Raf1 Qe7 24. gxf6 Rxf6 25. Qg4 Rxf4 26. Rxf4 Kh8 27. Qh5 Nb5 28.
Rf7 Qe8 29. Nxb5 axb5 30. Qf5 Qe5 31. Qxe5 Bxe5 32. b3 c4 33. bxc4 bxc4 34. Rc7
c3 35. Bf3 Ra8 36. Rxb7 c2 37. Rc7 Bd4+ 0-1

[Event "45th Biel Chess Festival"]
[Site "?"]
[Date "2012.07.25"]
[Round "3"]
[White "Bologan, Viktor"]
[Black "Carlsen, Magnus"]
[Result "0-1"]
[WhiteElo "2732"]
[BlackElo "2837"]
[PlyCount "80"]
[EventDate "2012.??.??"]

1. e4 c5 2. Nf3 Nc6 3. Bb5 d6 4. O-O Bd7 5. Re1 Nf6 6. h3 e6 7. c3 d5 8. d3 a6
9. Ba4 b5 10. Bc2 dxe4 11. dxe4 e5 12. a4 Be7 13. axb5 axb5 14. Rxa8 Qxa8 15.
Bg5 Be6 16. Na3 b4 17. Nb1 O-O 18. Ba4 h6 19. Bh4 Rd8 20. Nbd2 g5 21. Bg3 Nd7
22. Bb3 Nf8 23. Qc2 f6 24. Nc4 Qa6 25. Qe2 Rb8 26. Ne3 Qxe2 27. Bxe6+ Nxe6 28.
Rxe2 Ra8 29. h4 Ra2 30. Kf1 Kf7 31. Bh2 Na5 32. hxg5 hxg5 33. Rd2 b3 34. Bxe5
g4 35. Nxg4 Nc4 36. Re2 Nxb2 37. Nd2 c4 38. Bg3 Nd3 39. f4 Nexf4 40. Bxf4 Ra1+
0-1

[Event "Politiken Cup 2012"]
[Site "Helsingör"]
[Date "2012.07.29"]
[Round "3"]
[White "Malakhov, Vladimir"]
[Black "Carlstedt, Jonathan"]
[Result "1-0"]
[WhiteElo "2712"]
[BlackElo "2352"]
[PlyCount "87"]
[EventDate "2012.??.??"]
[EventCountry "DEN"]

1. c4 e6 2. Nc3 g6 3. Nf3 Bg7 4. d4 Ne7 5. e3 d5 6. b4 a6 7. Bb2 Nbc6 8. Qb3
O-O 9. cxd5 exd5 10. Be2 h6 11. O-O Qd6 12. b5 axb5 13. Nxb5 Qd8 14. a4 Na5 15.
Qb4 Bg4 16. Ba3 Bf6 17. Rfc1 c6 18. Nd6 b6 19. Rab1 Nf5 20. Nxf5 Bxf5 21. Qxf8+
Qxf8 22. Bxf8 Bxb1 23. Rxb1 Kxf8 24. Rxb6 Bd8 25. Rb1 Bc7 26. g4 Rb8 27. Rxb8+
Bxb8 28. h4 Ke7 29. h5 g5 30. Kf1 Bd6 31. Ke1 Bb4+ 32. Kd1 f6 33. Ba6 Kd7 34.
Ng1 Nb3 35. Ne2 Nd2 36. Bd3 Nf1 37. Bf5+ Kd6 38. Nc1 Nd2 39. Nd3 Ba5 40. Nc5
Bb4 41. Ne6 Ne4 42. Nd8 Nxf2+ 43. Ke2 Nh1 44. Kf3 1-0

[Event "81st Ukrainian Chess Championship"]
[Site "Kiev"]
[Date "2012.07.29"]
[Round "3"]
[White "Korobov, Anton"]
[Black "Volokitin, Andrei"]
[Result "1/2-1/2"]
[WhiteElo "2683"]
[BlackElo "2704"]
[PlyCount "23"]
[EventDate "2012.??.??"]
[EventCountry "UKR"]

1. d4 Nf6 2. Nf3 g6 3. Bg5 Bg7 4. Nbd2 c5 5. e3 cxd4 6. exd4 Nc6 7. c3 d5 8.
Bd3 Bf5 9. Qe2 Bxd3 10. Qxd3 O-O 11. O-O Qc7 12. Rfe1 1/2-1/2

[Event "81st Ukrainian Chess Championship"]
[Site "Kiev"]
[Date "2012.07.29"]
[Round "3"]
[White "Eljanov, Pavel"]
[Black "Moiseenko, Alexander"]
[Result "1-0"]
[WhiteElo "2693"]
[BlackElo "2706"]
[PlyCount "163"]
[EventDate "2012.??.??"]
[EventCountry "UKR"]

1. d4 Nf6 2. c4 e6 3. Nc3 Bb4 4. e3 O-O 5. Bd3 d5 6. Nf3 dxc4 7. Bxc4 Nc6 8.
O-O Bd6 9. Nb5 Be7 10. a3 a6 11. Nc3 Bd6 12. h3 b5 13. Bd3 Bb7 14. Qc2 e5 15.
Ne4 exd4 16. exd4 h6 17. Bd2 Rb8 18. Nc5 Bxc5 19. dxc5 Ne7 20. Rfe1 Bxf3 21.
gxf3 Nc6 22. Bc3 b4 23. axb4 Nxb4 24. Bxb4 Rxb4 25. Bc4 Nh7 26. Qc3 Rb8 27.
Rxa6 Qg5+ 28. Kh1 Qf5 29. f4 Nf6 30. b3 Ne4 31. Qf3 Nxc5 32. Ra5 Rfe8 33. Rd1
Qe4 34. Qxe4 Nxe4 35. Rd7 Nd6 36. Bd5 Rec8 37. Rc5 Kh7 38. Kg2 Rb6 39. Kf3 Ne8
40. Rxf7 Rd8 41. Re7 Nf6 42. Bc4 c6 43. Rc7 Rd6 44. Ra5 Rd7 45. Rxd7 Nxd7 46.
Ke4 Rb7 47. f5 g6 48. fxg6+ Kxg6 49. Kd4 Kf6 50. Rh5 Kg6 51. Ra5 Kf6 52. Ra8
Ke7 53. Rh8 c5+ 54. Ke4 Rb6 55. f4 Rd6 56. Rh7+ Kd8 57. Rh8+ Ke7 58. Rh7+ Kd8
59. Kf5 Rf6+ 60. Kg4 Rg6+ 61. Kf5 Rf6+ 62. Kg4 Rg6+ 63. Kf3 Rf6 64. h4 Nf8 65.
Rf7 Rxf7 66. Bxf7 Ke7 67. Bc4 Kf6 68. Ke4 Ng6 69. h5 Ne7 70. Bd5 Nf5 71. Bc4
Ng3+ 72. Kd5 Nxh5 73. Kxc5 Nxf4 74. Kd6 h5 75. b4 h4 76. Bf1 h3 77. Bxh3 Nd3
78. b5 Nb2 79. Be6 Na4 80. Bb3 Nc3 81. b6 Ne4+ 82. Kc6 1-0

[Event "81st Ukrainian Chess Championship"]
[Site "Kiev"]
[Date "2012.07.30"]
[Round "4"]
[White "Kuzubov, Yuriy"]
[Black "Eljanov, Pavel"]
[Result "1/2-1/2"]
[WhiteElo "2623"]
[BlackElo "2693"]
[PlyCount "35"]
[EventDate "2012.??.??"]
[EventCountry "UKR"]

1. d4 d5 2. c4 c6 3. Nf3 Nf6 4. Nc3 a6 5. e3 e6 6. b3 Bb4 7. Bd2 Nbd7 8. Bd3
O-O 9. Qc2 Qe7 10. O-O e5 11. dxe5 Nxe5 12. Nxe5 Qxe5 13. Nxd5 Nxd5 14. cxd5
Bxd2 15. Qxd2 Qxd5 16. Qc2 g6 17. Qc3 Re8 18. Rfd1 1/2-1/2

[Event "81st Ukrainian Chess Championship"]
[Site "Kiev"]
[Date "2012.07.30"]
[Round "4"]
[White "Volokitin, Andrei"]
[Black "Miroshnichenko, Evgenij"]
[Result "1-0"]
[WhiteElo "2704"]
[BlackElo "2632"]
[PlyCount "73"]
[EventDate "2012.??.??"]
[EventCountry "UKR"]

1. e4 e6 2. d4 d5 3. Nc3 Nc6 4. e5 Nge7 5. Nf3 Nf5 6. h4 h5 7. Bg5 Qd7 8. Ne2
b6 9. Nf4 Bb7 10. c3 Nce7 11. Bd3 O-O-O 12. Bxf5 exf5 13. e6 fxe6 14. O-O Kb8
15. Ne5 Qe8 16. Nxe6 Rd6 17. Nf4 Nc6 18. Re1 Nxe5 19. Rxe5 Qf7 20. Qe2 Bc6 21.
Re1 Kb7 22. Ne6 Rd7 23. Nxf8 Rxf8 24. g3 g6 25. Re6 a6 26. Qf3 Qg8 27. Qf4 a5
28. R1e5 Rh7 29. Qf3 Bd7 30. Re7 Rxe7 31. Rxe7 Kc8 32. Qe2 Rf7 33. Qa6+ Kb8 34.
Bf4 Rxe7 35. Qxb6+ Ka8 36. Qxa5+ Kb7 37. Qxc7+ 1-0

[Event "81st Ukrainian Chess Championship"]
[Site "Kiev"]
[Date "2012.07.30"]
[Round "4"]
[White "Efimenko, Zahar"]
[Black "Ponomariov, Ruslan"]
[Result "0-1"]
[WhiteElo "2689"]
[BlackElo "2726"]
[PlyCount "92"]
[EventDate "2012.??.??"]
[EventCountry "UKR"]

1. e4 e5 2. Nf3 Nc6 3. Bc4 Bc5 4. c3 Nf6 5. d3 d6 6. h3 a6 7. Bb3 h6 8. Nbd2
O-O 9. Nf1 Be6 10. Ng3 d5 11. Qe2 Re8 12. O-O Bf8 13. Rd1 d4 14. Bxe6 Rxe6 15.
Nf5 Kh7 16. cxd4 exd4 17. a3 g6 18. Ng3 a5 19. b3 Nd5 20. Qc2 Nc3 21. Rf1 Bg7
22. Bd2 b5 23. Rae1 Ne7 24. Nh2 Raa6 25. f4 f5 26. Nf3 c5 27. Ne5 b4 28. a4 Qc7
29. Nc4 Bf6 30. exf5 Nxf5 31. Rxe6 Rxe6 32. Ne4 Bh4 33. Rf3 Ne2+ 34. Kh1 g5 35.
Qd1 Nc3 36. Qf1 Nxe4 37. dxe4 Ng3+ 38. Rxg3 Bxg3 39. fxg5 Qg7 40. Qf3 Bc7 41.
Qf5+ Qg6 42. Qxc5 Bg3 43. Qa7+ Kg8 44. gxh6 Rxe4 45. Qxa5 Rf4 46. Qd5+ Kh7 0-1

[Event "45th Biel Chess Festival"]
[Site "?"]
[Date "2012.07.30"]
[Round "7"]
[White "Bologan, Viktor"]
[Black "Bacrot, Etienne"]
[Result "1/2-1/2"]
[WhiteElo "2732"]
[BlackElo "2713"]
[PlyCount "69"]
[EventDate "2012.??.??"]

1. d4 Nf6 2. c4 g6 3. Nc3 Bg7 4. e4 d6 5. Nge2 O-O 6. Ng3 Nbd7 7. Be2 h5 8. O-O
e5 9. d5 h4 10. Nh1 Nh7 11. f3 Ndf6 12. f4 exf4 13. Bxf4 Nd7 14. Nf2 Ne5 15.
Qd2 Qe7 16. Nb5 a6 17. Nd4 Bd7 18. Rac1 c5 19. dxc6 bxc6 20. Rfd1 Rfd8 21. Nb3
Be8 22. Na5 c5 23. a3 Rab8 24. b4 Bf6 25. Rb1 Ng5 26. b5 h3 27. Nxh3 Nxh3+ 28.
gxh3 axb5 29. cxb5 Rxb5 30. Rxb5 Bxb5 31. Bxe5 dxe5 32. Qxd8+ Qxd8 33. Rxd8+
Bxd8 34. Bxb5 Bxa5 35. Kf2 1/2-1/2

[Event "45th Biel Chess Festival"]
[Site "?"]
[Date "2012.07.30"]
[Round "7"]
[White "Wang, Hao"]
[Black "Carlsen, Magnus"]
[Result "0-1"]
[WhiteElo "2739"]
[BlackElo "2837"]
[PlyCount "120"]
[EventDate "2012.??.??"]

1. d4 Nf6 2. c4 e6 3. Nf3 b6 4. g3 Ba6 5. b3 Bb7 6. Bg2 Bb4+ 7. Bd2 c5 8. O-O
O-O 9. Bc3 Na6 10. a3 Bxc3 11. Nxc3 cxd4 12. Nxd4 Bxg2 13. Kxg2 Nc5 14. Rc1 Qc7
15. b4 Nb7 16. Ncb5 Qb8 17. Qd3 Rc8 18. Rfd1 h6 19. f3 a6 20. Nc3 Nd6 21. Nb1
Nde8 22. Nd2 Qb7 23. c5 bxc5 24. bxc5 Qa7 25. N2b3 Nd5 26. c6 dxc6 27. e4 Ne7
28. Nc5 Nf6 29. Ndb3 Ng6 30. Qc3 Nf8 31. Na5 Rab8 32. a4 Kh8 33. Rb1 Rb6 34.
Rxb6 Qxb6 35. Nab7 Rb8 36. Nd6 Kg8 37. Rd2 a5 38. Nd3 N8d7 39. Nc4 Qa6 40. Rc2
c5 41. Rb2 Rb7 42. Rxb7 Qxb7 43. Qb2 Qa6 44. Qb5 Qxb5 45. axb5 a4 46. Ndb2 Nb6
47. Kf2 Nfd7 48. Ke3 Kf8 49. f4 f5 50. exf5 exf5 51. Kd3 Ke7 52. Na3 Nf6 53.
Nbc4 Nxc4 54. Nxc4 Ne4 55. Ne5 Kd8 56. g4 fxg4 57. Nxg4 Nd6 58. b6 Kc8 59. Ne3
Kb7 60. Nd5 Kc6 0-1

[Event "Politiken Cup 2012"]
[Site "Helsingör"]
[Date "2012.07.31"]
[Round "5"]
[White "Malakhov, Vladimir"]
[Black "Zude, Erik"]
[Result "1-0"]
[WhiteElo "2712"]
[BlackElo "2384"]
[PlyCount "59"]
[EventDate "2012.??.??"]
[EventCountry "DEN"]

1. c4 Nf6 2. Nf3 g6 3. g3 Bg7 4. Bg2 O-O 5. O-O d6 6. d4 Nc6 7. Nc3 a6 8. Bf4
h6 9. d5 Na5 10. Qd3 c5 11. dxc6 Nxc6 12. Rad1 Qa5 13. h3 Bd7 14. Bd2 Rfc8 15.
Nd5 Qd8 16. Nxf6+ Bxf6 17. Bxh6 Na5 18. b3 b5 19. cxb5 Rc3 20. Qd2 axb5 21. Ng5
Bc6 22. Bxc6 Nxc6 23. Ne4 b4 24. Rc1 Qd7 25. Nxc3 bxc3 26. Rxc3 Bxc3 27. Qxc3
Ne5 28. Bf4 Rxa2 29. Bxe5 dxe5 30. Qxe5 1-0

[Event "81st Ukrainian Chess Championship"]
[Site "Kiev"]
[Date "2012.07.31"]
[Round "5"]
[White "Eljanov, Pavel"]
[Black "Efimenko, Zahar"]
[Result "1/2-1/2"]
[WhiteElo "2693"]
[BlackElo "2689"]
[PlyCount "35"]
[EventDate "2012.??.??"]
[EventCountry "UKR"]

1. d4 Nf6 2. c4 e6 3. Nf3 b6 4. g3 Bb4+ 5. Bd2 Bxd2+ 6. Qxd2 Ba6 7. Na3 O-O 8.
Bg2 Bb7 9. Nb5 a6 10. Nc3 Ne4 11. Qc2 Nxc3 12. bxc3 Nc6 13. O-O Na5 14. c5 d6
15. Qa4 dxc5 16. dxc5 Qe7 17. cxb6 cxb6 18. Rab1 1/2-1/2

[Event "81st Ukrainian Chess Championship"]
[Site "Kiev"]
[Date "2012.07.31"]
[Round "5"]
[White "Ponomariov, Ruslan"]
[Black "Volokitin, Andrei"]
[Result "0-1"]
[WhiteElo "2726"]
[BlackElo "2704"]
[PlyCount "86"]
[EventDate "2012.??.??"]
[EventCountry "UKR"]

1. d4 Nf6 2. c4 g6 3. Nf3 Bg7 4. g3 c5 5. Bg2 Qa5+ 6. Nc3 Ne4 7. Qd3 cxd4 8.
Nxd4 Nc5 9. Qd1 Nc6 10. e3 Ne6 11. Nxe6 Bxc3+ 12. bxc3 dxe6 13. O-O O-O 14. Qb3
Qc7 15. c5 e5 16. c4 Bf5 17. Bd2 Rad8 18. Rfd1 Bg4 19. f3 Be6 20. Bf1 e4 21.
Bc3 exf3 22. Rxd8 Rxd8 23. Rd1 Rxd1 24. Qxd1 Ne5 25. Bxe5 Qxe5 26. Qd8+ Kg7 27.
Qd4 Qxd4 28. exd4 g5 29. Bd3 g4 30. a3 f5 31. Kf2 Kf6 32. h4 Bd7 33. Bc2 e5 34.
d5 h6 35. Ke3 e4 36. c6 bxc6 37. Ba4 cxd5 38. Bxd7 d4+ 39. Kd2 e3+ 40. Kd3 e2
41. Kd2 d3 42. Ke1 Ke5 43. c5 Kd4 0-1

[Event "81st Ukrainian Chess Championship"]
[Site "Kiev"]
[Date "2012.07.31"]
[Round "5"]
[White "Moiseenko, Alexander"]
[Black "Kuzubov, Yuriy"]
[Result "1-0"]
[WhiteElo "2706"]
[BlackElo "2629"]
[PlyCount "87"]
[EventDate "2012.??.??"]
[EventCountry "UKR"]

1. d4 d5 2. c4 c6 3. Nf3 Nf6 4. Nc3 dxc4 5. a4 Bf5 6. Nh4 Bc8 7. e3 e5 8. Bxc4
exd4 9. exd4 Qe7+ 10. Kf1 Be6 11. Bxe6 Qxe6 12. Bg5 Na6 13. Bxf6 Qxf6 14. Qg4
h5 15. Re1+ Be7 16. Qe4 Kf8 17. Nf3 Bd6 18. Ne5 Bxe5 19. dxe5 Qe7 20. h4 Rd8
21. Rh3 Nc5 22. Qc4 Ne6 23. Ne4 Rd4 24. Qc3 Qb4 25. Nd6 Qxc3 26. bxc3 Rf4 27.
Rb1 b6 28. c4 g6 29. a5 bxa5 30. Rb7 Nc5 31. Rxa7 Ne4 32. Re3 Nxd6 33. exd6 Kg7
34. c5 Rb8 35. g3 Rf5 36. Rxa5 Rb2 37. Re2 Rxe2 38. Kxe2 Kf6 39. f4 Rd5 40. Ra8
Ke6 41. Re8+ Kd7 42. Re5 Rd4 43. Re7+ Kd8 44. Rc7 1-0

[Event "45th Biel Chess Festival"]
[Site "?"]
[Date "2012.07.31"]
[Round "8"]
[White "Carlsen, Magnus"]
[Black "Bologan, Viktor"]
[Result "1-0"]
[WhiteElo "2837"]
[BlackElo "2732"]
[PlyCount "79"]
[EventDate "2012.??.??"]

1. d4 Nf6 2. c4 c5 3. d5 b5 4. cxb5 a6 5. bxa6 g6 6. Nc3 Bxa6 7. e4 Bxf1 8.
Kxf1 d6 9. Nf3 Bg7 10. g3 O-O 11. Kg2 Nbd7 12. Qe2 Qb6 13. a4 Rfb8 14. Nb5 Ne8
15. Bg5 Qd8 16. Ra3 Nb6 17. b3 Qd7 18. Ra2 f6 19. Bc1 f5 20. exf5 gxf5 21. Rd1
Nf6 22. Qe6+ Qxe6 23. dxe6 Ne4 24. Nh4 c4 25. bxc4 Nxc4 26. Nc7 Nc3 27. Nxa8
Nxa2 28. Nc7 Nc3 29. Rd3 Rc8 30. Nb5 Nxb5 31. axb5 Rc5 32. Rb3 Na5 33. Rb1 Bd4
34. b6 Nb7 35. Rb4 Bxf2 36. Kxf2 Rc2+ 37. Kf3 Rxc1 38. Nxf5 Rf1+ 39. Kg4 Nc5
40. b7 1-0

[Event "81st Ukrainian Chess Championship"]
[Site "Kiev"]
[Date "2012.08.01"]
[Round "6"]
[White "Areshchenko, Alexander"]
[Black "Ponomariov, Ruslan"]
[Result "1/2-1/2"]
[WhiteElo "2691"]
[BlackElo "2726"]
[PlyCount "31"]
[EventDate "2012.??.??"]
[EventCountry "UKR"]

1. e4 e5 2. Nf3 Nc6 3. Bb5 Nf6 4. d3 Bc5 5. c3 O-O 6. O-O d6 7. Nbd2 Ne7 8. Re1
Ng6 9. d4 a6 10. Ba4 Ba7 11. h3 b5 12. Bc2 Re8 13. Nf1 Bb7 14. Ng3 d5 15. Nxe5
Nxe4 16. Nxg6 1/2-1/2

[Event "81st Ukrainian Chess Championship"]
[Site "Kiev"]
[Date "2012.08.01"]
[Round "6"]
[White "Volokitin, Andrei"]
[Black "Eljanov, Pavel"]
[Result "1-0"]
[WhiteElo "2704"]
[BlackElo "2693"]
[PlyCount "99"]
[EventDate "2012.??.??"]
[EventCountry "UKR"]

1. e4 c5 2. Nf3 Nc6 3. d4 cxd4 4. Nxd4 Nf6 5. Nc3 e5 6. Ndb5 d6 7. Bg5 a6 8.
Na3 b5 9. Bxf6 gxf6 10. Nd5 f5 11. c4 Qa5+ 12. Qd2 Qxd2+ 13. Kxd2 Bh6+ 14. Kd1
O-O 15. exf5 Bxf5 16. cxb5 axb5 17. Bxb5 Nd4 18. Ne7+ Kg7 19. Nxf5+ Nxf5 20.
Bd3 Ne7 21. Nb5 d5 22. Ke2 e4 23. Bc2 Rab8 24. a4 f5 25. Rhd1 Kf6 26. g3 Rfc8
27. Bb3 Rc5 28. f4 Bg7 29. Rdc1 Rcxb5 30. axb5 Rxb5 31. Ra6+ Kf7 32. Ba2 Rxb2+
33. Kd1 Rxh2 34. Rc7 Rxa2 35. Rxa2 Bf6 36. Ra5 Ke6 37. Ra6+ Kf7 38. Ra5 Ke6 39.
Ra6+ Kf7 40. Rd7 h5 41. Rdd6 Bg7 42. Ra7 d4 43. Rd5 Bf6 44. Rxf5 Kg6 45. Rb5
Nf5 46. Ra6 Ne3+ 47. Ke2 Ng4 48. Re5 e3 49. Rg5+ Kf7 50. Rxh5 1-0

[Event "81st Ukrainian Chess Championship"]
[Site "Kiev"]
[Date "2012.08.01"]
[Round "6"]
[White "Efimenko, Zahar"]
[Black "Moiseenko, Alexander"]
[Result "1-0"]
[WhiteElo "2694"]
[BlackElo "2706"]
[PlyCount "123"]
[EventDate "2012.??.??"]
[EventCountry "UKR"]

1. e4 c5 2. Nf3 Nc6 3. Bb5 d6 4. O-O Bd7 5. Re1 Nf6 6. c3 a6 7. Bf1 Bg4 8. h3
Bh5 9. g4 Bg6 10. d4 cxd4 11. cxd4 e5 12. Nc3 Be7 13. Nd5 O-O 14. Nxe7+ Qxe7
15. d5 Nb8 16. Bg5 Nbd7 17. Nd2 Rfc8 18. Qb3 h6 19. Bh4 b5 20. f3 Qd8 21. Rec1
Nc5 22. Qd1 Bh7 23. Qe1 g5 24. Bf2 Nfd7 25. Rc2 Bg6 26. Rac1 f6 27. Qe3 Be8 28.
Qa3 Rab8 29. Nb3 Nxb3 30. axb3 Rxc2 31. Rxc2 Nf8 32. Qxa6 Ra8 33. Qb7 Rb8 34.
Qc7 Qxc7 35. Rxc7 Ng6 36. Ba7 Ra8 37. Kf2 Kf8 38. Ke3 Ne7 39. Kd2 Nc8 40. Be3
Ne7 41. Rb7 Ng6 42. Ba7 Nf4 43. Bb8 Ra6 44. Ra7 Rxa7 45. Bxa7 Ke7 46. Kc3 Kd8
47. Bb8 Ke7 48. Kb4 Bd7 49. Ka5 Be8 50. Ba7 Ng6 51. Bf2 Kd8 52. Bxb5 Bxb5 53.
Kxb5 Kc7 54. Ka6 Nf4 55. b4 Nd3 56. b5 Kb8 57. Ba7+ Ka8 58. Be3 Kb8 59. b6 Nb4+
60. Kb5 Nc2 61. Bf2 Kb7 62. Kc4 1-0

[Event "45th Biel Chess Festival"]
[Site "?"]
[Date "2012.08.01"]
[Round "9"]
[White "Giri, Anish"]
[Black "Carlsen, Magnus"]
[Result "1/2-1/2"]
[WhiteElo "2696"]
[BlackElo "2837"]
[PlyCount "73"]
[EventDate "2012.??.??"]

1. d4 Nf6 2. c4 e6 3. Nf3 b6 4. g3 Ba6 5. Qc2 Bb4+ 6. Bd2 Bxd2+ 7. Nbxd2 d5 8.
Bg2 O-O 9. O-O Nbd7 10. Ne5 c5 11. Nxd7 Qxd7 12. cxd5 Nxd5 13. dxc5 Rac8 14.
Nb3 bxc5 15. Rfd1 c4 16. Nd4 c3 17. Nf5 Qb5 18. bxc3 Rxc3 19. Ne7+ Kh8 20. Qd2
Qxe2 21. Nxd5 Qxd2 22. Rxd2 exd5 23. Bxd5 g6 24. Bb3 Bc4 25. Rd7 Bxb3 26. axb3
Rxb3 27. Raxa7 Kg7 28. Kg2 h5 29. h4 Rb6 30. Rd3 Rf6 31. Rf3 Rxf3 32. Kxf3 Rb8
33. Ra3 Kf6 34. Ra6+ Kg7 35. Ra3 Kf6 36. Ra6+ Kg7 37. Ra3 1/2-1/2

[Event "Politiken Cup 2012"]
[Site "Helsingör"]
[Date "2012.08.02"]
[Round "7"]
[White "Malakhov, Vladimir"]
[Black "Halkias, Stelios"]
[Result "0-1"]
[WhiteElo "2712"]
[BlackElo "2570"]
[PlyCount "105"]
[EventDate "2012.??.??"]
[EventCountry "DEN"]

1. c4 f5 2. Nf3 Nf6 3. g3 g6 4. Bg2 Bg7 5. O-O O-O 6. Nc3 d6 7. d4 e6 8. b3 Nc6
9. Bb2 Qe7 10. Rc1 Ne4 11. Nxe4 fxe4 12. Ne1 d5 13. Nc2 Rd8 14. Qd2 a5 15. Rcd1
Nb4 16. Ba3 c5 17. dxc5 Nxa2 18. Nd4 Nb4 19. Bxb4 axb4 20. Qxb4 Bf8 21. cxd5
exd5 22. Rc1 e3 23. f4 Ra2 24. Bf3 Rd2 25. Qa4 Bh3 26. Rfe1 Bg7 27. Nb5 Bb2 28.
Nd6 Bxc1 29. Rxc1 Qg7 30. Qb4 Ra8 31. Qxb7 Qxb7 32. Nxb7 Rda2 33. Bxd5+ Kf8 34.
Bg2 Ra1 35. Bxh3 Rxc1+ 36. Kg2 Rb8 37. Nd6 Rxc5 38. Ne4 Rc2 39. Bg4 Rxb3 40.
Ng5 Rb7 41. h4 h5 42. Bf3 Rbb2 43. Nh3 Rxe2+ 44. Bxe2 Rxe2+ 45. Kf3 Re1 46. Ng5
Ke7 47. Ne4 Ke6 48. Nc3 Kf5 49. Nd5 Rf1+ 50. Ke2 Rg1 51. Nxe3+ Ke4 52. Kf2 Rxg3
53. Ke1 0-1

[Event "Laznicka - Shirov, match"]
[Site "Novy Bor"]
[Date "2012.08.02"]
[Round "1"]
[White "Shirov, Alexei"]
[Black "Laznicka, Viktor"]
[Result "1/2-1/2"]
[WhiteElo "2706"]
[BlackElo "2683"]
[PlyCount "81"]
[EventDate "2012.??.??"]
[EventCountry "CZE"]

1. e4 c6 2. d4 d5 3. e5 Bf5 4. Nf3 e6 5. Be2 c5 6. Be3 cxd4 7. Nxd4 Ne7 8. Nd2
Nbc6 9. N2f3 Bg4 10. O-O Bxf3 11. Nxf3 Qc7 12. c4 dxc4 13. Bxc4 Nf5 14. Bf4 Be7
15. Bd3 O-O 16. Qe2 Rfd8 17. Rac1 Qa5 18. a3 Ncd4 19. Nxd4 Rxd4 20. g3 Qd5 21.
Bxf5 exf5 22. Rfd1 Rxd1+ 23. Qxd1 Qxd1+ 24. Rxd1 Kf8 25. Rd7 b5 26. Rb7 a6 27.
Be3 Ke8 28. Bb6 Rc8 29. Bc7 Bg5 30. Kg2 Kd7 31. Ba5+ Ke8 32. h4 Bd8 33. Bxd8
Rxd8 34. Ra7 Rd3 35. Rxa6 Rb3 36. Ra7 Kf8 37. Ra8+ Ke7 38. Rh8 g6 39. Rxh7 Rxb2
40. Rh8 Re2 41. Ra8 1/2-1/2

[Event "45th Biel Chess Festival"]
[Site "?"]
[Date "2012.08.02"]
[Round "10"]
[White "Carlsen, Magnus"]
[Black "Bacrot, Etienne"]
[Result "1/2-1/2"]
[WhiteElo "2837"]
[BlackElo "2713"]
[PlyCount "124"]
[EventDate "2012.??.??"]

1. e4 e5 2. Nf3 Nc6 3. Bb5 Nf6 4. d3 Bc5 5. Bxc6 dxc6 6. Nbd2 Be6 7. b3 Ng4 8.
O-O f6 9. Qe2 Qd7 10. Nc4 g5 11. Rb1 b5 12. Ne3 h5 13. c3 Qh7 14. d4 Bb6 15.
Nc2 O-O-O 16. a4 exd4 17. Nfxd4 Bd7 18. b4 Rhe8 19. Re1 a6 20. Ra1 Kb7 21. axb5
axb5 22. c4 bxc4 23. Qxc4 Ra8 24. Rxa8 Rxa8 25. Bd2 h4 26. Qc3 h3 27. Qxh3 Qxh3
28. gxh3 Ne5 29. Kg2 Rh8 30. Nf5 Ng6 31. Ncd4 Bxd4 32. Nxd4 Rxh3 33. Re3 Nf4+
34. Kg1 Rh8 35. Nb3 Kb6 36. Nc5 Bc8 37. Ra3 Bh3 38. f3 Rd8 39. Bxf4 gxf4 40.
Nd3 Rg8+ 41. Kf2 Rg2+ 42. Ke1 Rxh2 43. Nxf4 Bc8 44. Ra8 Kb7 45. Ra5 Kb6 46. Nd3
Rc2 47. Rh5 Ra2 48. Rh8 Ba6 49. Nc5 Re2+ 50. Kd1 Rf2 51. Ra8 Bb5 52. Rb8+ Ka7
53. Rb7+ Ka8 54. Rxc7 Rxf3 55. Kd2 Kb8 56. Rf7 Kc8 57. Kc2 Rf1 58. Nb7 Rf3 59.
Nd6+ Kd8 60. Kb2 Ba4 61. Nb7+ Ke8 62. Nd6+ Kd8 1/2-1/2

[Event "45th Biel Chess Festival"]
[Site "?"]
[Date "2012.08.02"]
[Round "10"]
[White "Wang, Hao"]
[Black "Giri, Anish"]
[Result "1-0"]
[WhiteElo "2739"]
[BlackElo "2696"]
[PlyCount "63"]
[EventDate "2012.??.??"]

1. Nf3 Nf6 2. c4 g6 3. Nc3 d5 4. Qa4+ Bd7 5. Qb3 dxc4 6. Qxc4 a6 7. d4 b5 8.
Qb3 c5 9. dxc5 Bg7 10. e4 O-O 11. Be2 Be6 12. Qc2 Nbd7 13. Be3 Rc8 14. Rd1 b4
15. Nd5 Bxd5 16. exd5 Nxc5 17. O-O a5 18. Bb5 Nce4 19. Bc6 Qc7 20. Rc1 Nd6 21.
Qe2 Nf5 22. Bc5 Bh6 23. Rc2 Rfd8 24. Rd1 e6 25. dxe6 Rxd1+ 26. Qxd1 fxe6 27.
Ba4 Qd8 28. Qe2 Ng7 29. Ne5 Ne4 30. Nc6 Rxc6 31. Bxc6 Nxc5 32. Rxc5 1-0

[Event "Politiken Cup 2012"]
[Site "Helsingör"]
[Date "2012.08.03"]
[Round "8"]
[White "Larsen, Karsten"]
[Black "Malakhov, Vladimir"]
[Result "1/2-1/2"]
[WhiteElo "2331"]
[BlackElo "2712"]
[PlyCount "94"]
[EventDate "2012.??.??"]
[EventCountry "DEN"]

1. e4 c5 2. Nf3 Nc6 3. Bb5 d6 4. O-O Bd7 5. Re1 Nf6 6. h3 g6 7. Bxc6 Bxc6 8. e5
dxe5 9. Nxe5 Qd5 10. Nxc6 Qxc6 11. d3 Bg7 12. Nc3 e6 13. Bf4 Nd5 14. Nxd5 Qxd5
15. Qc1 h6 16. a4 g5 17. Bd2 O-O 18. Bc3 Bd4 19. Qd1 Rac8 20. Qh5 Kg7 21. Re2
Qf5 22. Rae1 Rfd8 23. Bxd4+ cxd4 24. Re5 Qf6 25. Qd1 Rc6 26. Rb5 Qe7 27. h4 a6
28. Rbe5 f6 29. R5e4 f5 30. Re5 Qf6 31. c4 dxc3 32. bxc3 gxh4 33. Qb3 Qf7 34.
d4 Rdd6 35. R1e3 Rb6 36. Qa2 Kh7 37. a5 Rbc6 38. Qb3 b5 39. axb6 Rxb6 40. Qa2
Qg6 41. Kh2 Qg8 42. Qe2 Qg5 43. Rxe6 Rxe6 44. Rxe6 Qf4+ 45. Kh3 Qg4+ 46. Kh2
Qf4+ 47. Kh3 Qg4+ 1/2-1/2